La Démocratie, état critique (notice n° 1567548)
[ vue normale ]
| 000 -LEADER | |
|---|---|
| fixed length control field | 01663cam a2200145 4500500 |
| 005 - DATE AND TIME OF LATEST TRANSACTION | |
| control field | 20251214002848.0 |
| 041 ## - LANGUAGE CODE | |
| Language code of text/sound track or separate title | fre |
| 042 ## - AUTHENTICATION CODE | |
| Authentication code | dc |
| 100 10 - MAIN ENTRY--PERSONAL NAME | |
| Personal name | Zarka, Yves Charles |
| Relator term | author |
| 245 00 - TITLE STATEMENT | |
| Title | La Démocratie, état critique |
| 260 ## - PUBLICATION, DISTRIBUTION, ETC. | |
| Name of publisher, distributor, etc. | Armand Colin,<br/> |
| Date of publication, distribution, etc. | 2012.<br/> |
| 520 ## - SUMMARY, ETC. | |
| Summary, etc. | Ces dernières années, l’extraordinaire fortune du terme « gouvernance » n’est certainement pas due au hasard, pas plus que la terminologie de l’évaluation et celle de la transparence qui l’accompagnent. « Gouvernance », « évaluation », « transparence » : voilà la nouvelle trinité d’une religion elle-même nouvelle, la religion managériale. Mais cette gouvernance est-elle compatible avec la démocratie ? Ne s’apparente-elle pas plutôt à une technologie gestionnaire qui aurait pour objectif à la fois d’esquiver la démocratie et, à terme, de lui substituer un nouveau paradigme de légitimité ? C’est là l’un des points majeurs que cet ouvrage tente d’élucider. Le paradigme de la légitimité démocratique a été attaqué de trois côtés : par la mondialisation du capitalisme, par des pratiques de gouvernance qui ruinent la dimension publique du politique et par une dérive de la démocratie elle-même, soit la distance qui s’est créée entre « la caste de pouvoir » et les citoyens ordinaires. Au-delà du diagnostic de l’état critique de la démocratie, le présent ouvrage a également pour ambition de montrer par quelles voies en sortir. |
| 700 10 - ADDED ENTRY--PERSONAL NAME | |
| Personal name | Zafrani, Avishag |
| Relator term | author |
| 856 41 - ELECTRONIC LOCATION AND ACCESS | |
| Uniform Resource Identifier | <a href="https://shs.cairn.info/la-democratie-etat-critique--9782200278571?lang=fr&redirect-ssocas=7080">https://shs.cairn.info/la-democratie-etat-critique--9782200278571?lang=fr&redirect-ssocas=7080</a> |
Pas d'exemplaire disponible.




Réseaux sociaux